La comunicación : clave de la productividad /

Na minha lista:
Detalhes bibliográficos
Autor principal: D'Aprix, Roger (autor)
Formato: Livro
Idioma:espanhol
Publicado em: México : Limusa, 1992, c1992
Assuntos:
Tags: Adicionar Tag
Sem tags, seja o primeiro a adicionar uma tag!

MARC

LEADER 00000nam^a2200000^a^4500
001 000161754
005 20250521000000.0
009 20260310100809.092
020 |a 968-18-1763-X 
037 |a Acervo ITESO - Biblioteca 
041 |a ESP 
082 |a 658. 45  |b APR 
100 |a D'Aprix, Roger  |e (autor) 
245 1 3 |a La comunicación :  |b clave de la productividad /  |c R. d'Aprix ; tr. por José Manuel Salazar Palacios. 
264 4 |a México :  |b Limusa,  |c 1992, c1992 
300 |a 167 p. 
336 |a texto  |b txt  |2 rdacontenido 
337 |a sin mediación  |b n  |2 rdamedio 
338 |a volumen  |b nc  |2 rdasoporte 
500 |a Traducción de: Communicating for Productivity 
649 |a XX 
650 |a Relaciones Laborales 
650 |a Comunicación Organizacional 
650 |a Productividad 
650 |a Recursos Humanos 
650 |a Administración 
650 |a Ciencias Administrativas 
910 |a Fondo General 
920 |a Impresos - Libros 
930 |a Colección General 
905 |a 101 
901 |a 0374810300  |b IT1  |c ACC  |u 20250521 
902 |a https://opac.biblio.iteso.mx/vufind/Record/000161754